عرض عادي
عرض مارك
- المشهداني، محمود محمد صالح هزاع
دخول Personal Name
001 - CONTROL NUMBER
- control field: 29431
003 - CONTROL NUMBER IDENTIFIER
- control field: AE-AdECS
005 - DATE AND TIME OF LATEST TRANSACTION
- control field: 20260501103236.0
008 - FIXED-LENGTH DATA ELEMENTS
- fixed length control field: 260501|| aca||aabn | a|a d
040 ## - CATALOGING SOURCE
- Original cataloging agency: AE-AdECS
- Transcribing agency: AE-AdECS
100 ## - HEADING--PERSONAL NAME
- Personal name: المشهداني، محمود محمد صالح هزاع
670 ## - SOURCE DATA FOUND
- Source citation: Work cat.: (AE-AdECS)294947: المشهداني، محمود محمد صالح هزاع مؤلف., الأمن القومي العربي :
